Litterature africaine, choix de themes /

Saved in:
Bibliographic Details
Other Authors: Fouet, Francis, Renaudeau, Regine
Format: Book
Language:English
Published: Dakar : Les Nouvelles Editions Africaines, 1976.
Subjects:
LEADER 00930nam a2200229 i 4500
001 c000027872
003 CARM
005 00000000000000.0
008 850501s1976 sg 0 eng d
019 1 |a 9253006  |5 LACONCORD2021 
020 |a 27236600939 
035 |a (OCoLC)3611121  |5 LACONCORD2021 
245 0 0 |a Litterature africaine, choix de themes /  |c ce manuel a ete concu et realise sur les directives du ... Mr. Francis Fouet et Mme. Regine Renaudeau. 
260 |a Dakar :  |b Les Nouvelles Editions Africaines,  |c 1976. 
300 |a 406 p. :  |b ill. 
500 |a Bibliography: p. 390-398. 
650 0 |a African literature (French) 
700 1 |a Fouet, Francis. 
700 1 |a Renaudeau, Regine. 
852 8 |b CARM  |h A2:AE26D0  |i C00795  |p 0050647  |f BK 
999 f f |i 4e917a21-9e30-5c59-adf6-0f734eeae823  |s 0944a380-5592-5f63-904b-2fc5dd64ad69 
952 f f |p Can circulate  |a CAVAL  |b CAVAL  |c CAVAL  |d CARM 1 Store  |e C00795  |f A2:AE26D0  |h Other scheme  |i book  |m 0050647